NBA Rookie of The Year 2000-2023 - Statistics

General Stats
  • This quiz has been taken 61 times
  • The average score is 18 of 24
Answer Stats
Year Team Answer % Correct
2020 Grizzlies Ja Morant
98%
2023 Magic Paolo Banchero
98%
2021 Hornets LaMelo Ball
96%
2019 Mavericks Luka Doncic
96%
2018 76ers Ben Simmons
93%
2004 Cavaliers Lebron James
93%
2013 Trailblazers Damian Lillard
91%
2022 Raptors Scottie Barnes
91%
2009 Bulls Derrick Rose
89%
2016 Timberwolves Karl-Anthony Towns
89%
2008 Supersonics Kevin Durant
89%
2011 Clippers Blake Griffin
87%
2012 Cavaliers Kyrie Irving
85%
2015 Timberwolves Andrew Wiggins
78%
2006 Hornets Chris Paul
74%
2002 Grizzlies Pau Gasol
69%
2017 Bucks Malcolm Brogdon
59%
2014 76ers Michael Carter-Williams
57%
2007 Trailblazers Brandon Roy
50%
2003 Suns Amar'e Stoudemire
48%
2010 Kings Tyreke Evans
43%
2000 Bulls Elton Brand
33%
2005 Bobcats Emeka Okafor
30%
2001 Magic Mike Miller
30%
No matching quizzes found
Score Distribution
Percent of People with Each Score
Percentile by Number Answered
Your Score History
You have not taken this quiz